Tilastot visalle Suomen historiaa

Klikkaa tästä pelataksesi tätä visaa!

Yleistilastot

  • Tätä visaa on pelattu 1 114 kertaa
  • Keskiarvotulos 8 / 12

Vastaustilastot

KysymysVastaus% Oikein
Vuonna 1860 käyttöönotettu rahayksikköSuomen markka
94%
Vuosi, jolloin Suomi liittyi Euroopan unioniin1995
91%
Suomen ensimmäinen yliopistoTurun akatemia
75%
Kaupunki, jossa v. 1918 käytiin Suomen sisällissodan ratkaisutaisteluTampere
71%
Suomen presidentti talvisodan aikanaKyösti Kallio
70%
Suomen ja Neuvostoliiton välillä vuosina 1948-92 voimassaollut sopimusYYA-sopimus
60%
1500-luvun lopun kapina, talonpojat vs. aatelisto ja armeijaNuijasota
59%
Vuosi, jolloin Suomi liitettiin Venäjään1809
55%
Vuosi, jolloin säännölliset televisiolähetykset alkoivat Suomessa1957
53%
Nimitys venäläisten miehitykselle 1713-21Isoviha
48%
Perusti Helsingin kaupunginKustaa Vaasa
44%
Ajanjakso Suomessa 1500-500 eaa.Pronssikausi
43%

Tulosjakauma

Persentiili vastausten määrän mukaan

Jokaisen tuloksen saaneiden osuus

Tuloshistoriasi

Et ole pelannut tätä visaa